000 00915nac a22002531i 4500
003 EG-ScBUE
005 20260330101856.0
008 260314r19671964paua f b 001 0 eng d
040 _aEG-ScBUE
_beng
_erda
_cEG-ScBUE
_dEG-ScBUE
082 0 4 _a591.55
_bCHE
_222
100 1 _aCheng, Thomas C.
_q(Thomas Clement)
_eauthor.
245 1 4 _aThe biology of animal parasites /
_cThomas C. Cheng, Department of Zoology, The University of Hawaii, Honolulu, Hawaii.
250 _aReprinted edition.
264 1 _aPhiladelphia, Pa. :
_bW. B. Saunders Company,
_c1967.
300 _ax, 727 pages :
_billustrations (some color) ;
_c27 cm
336 _2rdacontent
_atext
_btxt
337 _aunmediated
_2rdamedia
_bn
338 _avolume
_bnc
_2rdacarrier
504 _aIncludes bibliographical references and index.
650 7 _aParasitology.
_2BUEsh
655 _vReading book
740 0 _aAnimal parasites.
942 _cBB
_2ddc
999 _c3164
_d3164